Κοινωνιολογία του ποινικού δικαίου και των θεσμών της ποινικής δικαιοσύνης

Αποθηκεύτηκε σε:
Λεπτομέρειες βιβλιογραφικής εγγραφής
Κύριος συγγραφέας: Λαμπροπούλου, Έφη Π.
Μορφή: Βιβλίο
Γλώσσα:Greek
Δημοσίευση: Αθήνα : Ελληνικά Γράμματα, 1999.
Θέματα:
Ετικέτες: Προσθήκη ετικέτας
Δεν υπάρχουν, Καταχωρήστε ετικέτα πρώτοι!

MARC

LEADER 00000cam a2200000 i 4500
001 1/46530
008 070620s1999 gr | ||| |||| ||gre||
020 |a 9603447749 
035 |l 10088400 
040 |a GR-MY-UA  |b gre  |e aacr 
041 0 |a gre 
082 7 |a 345.495   |2 (22) 
100 1 |a Λαμπροπούλου, Έφη Π. 
245 1 0 |a Κοινωνιολογία του ποινικού δικαίου και των θεσμών της ποινικής δικαιοσύνης /   |c Έφη Λαμπροπούλου.  
260 |a Αθήνα :   |b Ελληνικά Γράμματα,   |c 1999.  
300 |a 493 σ. :   |b εικ., πίν. ;   |c 24 εκ.  
504 |a Βιβλιογραφία : σ. 419-475. Ευρετήρια.  
650 0 0 |a Criminal law. 
650 0 0 |a Sociological jurisprudence. 
852 |a INST  |b LESVOS  |e 20070620  |h 345.495 ΛΑΜ  |p 005100038048  |q 005100038048  |t BK  |y 0 
901 |a BIBL1-2007-2 
909 |a Λ  |b 135325 
922 |a 1ΕΛΗ  |b 200705  |c ΕΠΕΑΕΚ2/ΤΚ  |d Σ. ΠΑΤΑΚΗΣ 
970 |a ΚΑΡΑ  |b ΓΙΑΣΕΜΗ  |z 2007/06/20